Luật doanh nghiệp năm 2005

Shranjeno v:
Bibliografske podrobnosti
Glavni avtor: Không rõ
Format: Knjiga
Jezik:Vietnamese
Izdano: Chính trị quốc gia 2009
Oznake: Označite
Brez oznak, prvi označite!
Thư viện lưu trữ: Mạng thư viện Đại học Đà Nẵng
LEADER 00628nam a2200277 4500
001 000025796
003 1348
005 20150325120000.0
008 150325s vm 000 vie
020 |c 26000,0000 
040 |a notts 
100 |a Không rõ 
245 |a Luật doanh nghiệp năm 2005 
260 |b Chính trị quốc gia  |c 2009 
300 |a 203tr. ; 
OWN |a LTT 
999 |a From the UDN01 
TYP |a Monograph 
TYP |a Printed language 
980 |a Mạng thư viện Đại học Đà Nẵng